[Event "45th Olympiad 2024"]
[Site "Budapest HUN"]
[Date "2024.09.15"]
[Round "5.84"]
[Board "4"]
[White "Samuel Merhawi Gebrehiwet"]
[Black "Tracey, Shaun M"]
[Result "1-0"]
[WhiteElo "1788"]
[BlackElo "1684"]
[PlyCount "81"]
[EventDate "2024.09.11"]
[WhiteTeam "Eritrea"]
[BlackTeam "Cayman Islands"]
[WhiteTeamCountry "ERI"]
[BlackTeamCountry "CAY"]

1. e4 d5 2. exd5 Nf6 3. c4 c6 4. dxc6 Nxc6 5. Nf3 e5 6. d3 Bc5 7. Be2 Qb6 8. O-O Ng4 9. Qe1 Nb4 10. Na3 Bf5 11. d4 exd4 12. Nxd4 $146 ({RR} 12. Nh4 O-O-O 13. Nxf5 Rhe8 14. Nxg7 f5 15. Nxe8 Rxe8 16. Bxg4 Rxe1 17. Bxf5+ Kd8 18. Rxe1 Qf6 19. g4 d3 20. Be3 Bxe3 21. Rxe3 Qxb2 22. Rd1 d2 23. Nb1 Qc1 24. Ree1 Qxc4 25. Nxd2 Qxa2 26. Nc4+ Kc7 {1-0 Kahn,E (2167)-Kellner,N (1646) Budapest FS03 Nadassy 2021 (7)}) ({RR} 12. Nh4 O-O 13. Nxf5 Nxf2 14. Qxf2 d3 15. Be3 Bxe3 16. Qxe3 dxe2 17. Rfe1 Qf6 18. Nd4 Rfe8 19. Qc3 a5 20. Rxe2 Rxe2 21. Nxe2 Qg6 {1-0 Stankiewicz,P (2138)-Khamidov,K (2068) POL-chT Academic rapid 2018 (3.21)}) ({RR} 12. Bd3+ Be6 13. Bf5 O-O 14. Bxe6 fxe6 15. h3 Nxf2 16. Rxf2 Nd3 17. Qe4 Nxf2 18. Kxf2 d3+ 19. Ke1 Bb4+ 20. Kd1 Qg1+ {0-1 Glazov,A (2011)-Ananyeva,T (1816) Autumn on Petrograd Side 2006 (2)}) 12... Nxf2 13. Be3 Bxd4 14. Bxd4 Qxd4 15. Nb5 Qc5 16. Qxf2 Qxf2+ 17. Rxf2 Be6 18. Nc7+ Ke7 19. Nxa8 Rxa8 20. a3 Nc6 21. Rd1 g6 22. b4 h5 23. c5 Rc8 24. Bf3 Rc7 25. Re2 Kf6 26. Rd6 Ne7 27. Rd8 a6 28. Rb8 Bc8 29. Rd2 Nc6 30. Rd6+ Ke7 31. Bxc6 bxc6 32. h4 Ke8 33. Kf2 Ke7 34. Ke3 Ke8 35. Kf4 Ke7 36. Ke5 Bb7 37. Rdd8 f6+ 38. Kf4 Kf7 39. Rh8 Ke6 40. Rbd8 a5 41. Rd6+ 1-0

[Event "45th Olympiad 2024"]
[Site "Budapest HUN"]
[Date "2024.09.15"]
[Round "5.85"]
[Board "1"]
[White "Muhammed, Shuaau"]
[Black "Solomon, Joshua"]
[Result "1-0"]
[WhiteElo "2052"]
[BlackElo "1587"]
[PlyCount "81"]
[EventDate "2024.09.11"]
[WhiteTeam "Maldives"]
[BlackTeam "Antigua and Barbuda"]
[WhiteTeamCountry "MDV"]

1. e4 c6 2. d4 d5 3. e5 c5 4. dxc5 e6 5. a3 Bxc5 6. b4 Be7 7. Bb2 Nh6 8. Bd3 O-O 9. Nf3 Nd7 10. Nbd2 ({RR} 10. O-O f6 11. c4 fxe5 12. Nxe5 Bf6 13. Qe2 Nf7 14. Nxd7 Bxd7 15. cxd5 exd5 16. Nc3 d4 17. Nd5 Bc6 18. Qe4 Ng5 19. Nxf6+ Qxf6 20. Qxd4 Qxd4 21. Bxd4 Rad8 22. Bc4+ Kh8 23. Bxa7 Rf4 24. Rad1 Rdf8 {1-0 Rose,F (2091)-Lorenzo de la Riva,L (2422) Titled Tue 28th May Early 2024 (6)}) 10... a5 11. b5 Nc5 $146 ({RR} 11... f6 12. O-O Nf7 13. exf6 Bxf6 14. Bxf6 Qxf6 15. c4 Nc5 16. Bc2 a4 17. Re1 b6 18. Qb1 g6 19. cxd5 exd5 20. Qb4 Bf5 21. Bxf5 Qxf5 22. Nd4 Qf6 23. N2f3 Nd3 24. Qe7 Nd6 25. Qxf6 Rxf6 26. Re7 {1-0 Maghsoodloo,P (2701)-Samunenkov,I (2371) Titled Tuesday intern op 25th Jan blitz 2022 (7)}) ({RR} 11... f6 12. O-O Nf7 13. exf6 Bxf6 14. Bxf6 Qxf6 15. c4 Nc5 16. Bc2 a4 17. Re1 Bd7 18. Rb1 Rad8 19. cxd5 exd5 20. h3 Bf5 21. Rb4 Ne4 22. Nxe4 dxe4 23. Nd4 Ne5 24. Re3 Bg6 25. Qe1 Nd3 26. Bxd3 {0-1 Mohammad Fahad,R (2319)-Grandelius,N (2663) Titled Tuesday intern op 29th Dec blitz 2020 (4)}) ({RR} 11... a4 12. O-O Nc5 13. Be2 Bd7 14. c4 dxc4 15. Bxc4 Qb6 16. Nd4 Rfd8 17. Qe2 Rac8 18. Rfd1 Nf5 19. N2f3 Nxd4 20. Nxd4 Be8 21. Kh1 Ne4 22. Kg1 Bg5 23. Nxe6 Rxd1+ 24. Rxd1 Qxf2+ 25. Qxf2 Nxf2 26. Kxf2 {0-1 Nasuta,G (2491)-Socko,B (2592) Suwalki Warakomska Memorial-A op 2018 (8)}) 12. a4 Nxd3+ 13. cxd3 Bd7 14. O-O Nf5 15. g4 Nh6 16. h3 f6 17. exf6 Bxf6 18. Bxf6 Qxf6 19. d4 Rac8 20. Ne5 Qh4 21. Kg2 Rc3 22. Ndf3 Qe7 23. Qd2 Rcxf3 24. Nxf3 Be8 25. Ne5 Nf7 26. Nxf7 Bxf7 27. Qxa5 h5 28. Rac1 Qg5 29. f3 h4 30. Qe1 Qf6 31. Qe5 Qg6 32. Rc7 Qd3 33. Rxb7 Qc2+ 34. Rf2 Qxa4 35. b6 Rc8 36. Rb8 Rxb8 37. Qxb8+ Kh7 38. b7 Qxd4 39. Qd8 Qf4 40. b8=Q e5 41. Qxh4+ 1-0

[Event "45th Olympiad 2024"]
[Site "Budapest HUN"]
[Date "2024.09.15"]
[Round "5.85"]
[Board "2"]
[White "Matthew Bailey"]
[Black "Mohamed, Hassan MDV"]
[Result "1-0"]
[WhiteElo "1548"]
[BlackElo "1880"]
[PlyCount "79"]
[EventDate "2024.09.11"]
[WhiteTeam "Antigua and Barbuda"]
[BlackTeam "Maldives"]
[BlackTeamCountry "MDV"]

1. d4 Nf6 2. c4 e6 3. Nc3 d5 4. cxd5 exd5 5. Bg5 Be7 6. Qc2 h6 7. Bh4 ({RR} 7. Bf4 c5 8. Nf3 Nc6 9. e3 O-O 10. Be2 c4 11. O-O Bg4 12. Ne5 Bxe2 13. Qxe2 Re8 14. Ng4 Bd6 15. Nxf6+ Qxf6 16. Nxd5 Qe6 17. Qf3 Red8 18. Nc3 Qf5 19. Bg3 Qc2 20. Rab1 a6 21. Rfc1 Qg6 {½-½ Recoulat,E (2201)-Banos,O (2340) Trenque Lauquen m 2nd 2000 (2)}) ({RR} 7. Bf4 c6 8. e3 Bd6 9. Bxd6 Qxd6 10. Bd3 O-O 11. Nge2 b6 12. O-O Ba6 13. Rac1 Bxd3 14. Qxd3 a6 15. Rfd1 Re8 16. Ng3 Nbd7 17. Nce2 g6 18. Nf4 Kg7 19. Rc3 Rec8 20. Qc2 Rc7 21. Rc1 c5 {0-1 Garduno Huerta,J (1827)-Velazquez Rios,C (1892) ch-Mexico City 2023 (4.15)}) 7... a6 8. e3 Nc6 9. a3 Bd7 $146 ({RR} 9... Be6 10. Bd3 Nd7 11. Bg3 Nb6 12. Nge2 O-O 13. O-O Bd6 14. f3 Bxg3 15. Nxg3 Ne7 16. Nce2 Nc4 17. Bxc4 dxc4 18. e4 b5 19. d5 Bc8 20. Rad1 Qd6 21. Qd2 c6 22. Nc3 cxd5 23. exd5 f5 24. Rfe1 {0-1 Gal,S (2290)-Simon,G Eger Cup 1995}) ({RR} 9... Bg4 10. Bd3 Qd7 11. f3 Be6 12. Nge2 O-O-O 13. O-O g5 14. Bf2 h5 15. b4 b5 16. Nxb5 g4 17. f4 Ne4 18. Rfc1 Nxf2 19. Kxf2 axb5 20. Bxb5 Qd6 21. Bxc6 Bd7 22. Qa4 Bxc6 23. Rxc6 Bh4+ 24. g3 {1-0 Da Silva,A-Pessoa,M (1936) Brasilia op 2011 (3)}) ({RR} 9... Bg4 10. Bd3 Nd7 11. Bg3 Nb6 12. h3 Be6 13. Nge2 Bd6 14. O-O Ne7 15. Rfd1 Qd7 16. Bxd6 Qxd6 17. Nf4 c6 18. Nxe6 Qxe6 19. Qb3 Nd7 20. Qxb7 O-O 21. Qb3 Rfb8 22. Qc2 c5 23. dxc5 Nxc5 24. b4 {1-0 Hanke,S (1923)-Siegert,R (1630) Gelsenkirchen Silvester op 4th 2016 (1)}) 10. Bxf6 Bxf6 11. Nxd5 O-O 12. Bd3 Re8 13. Ne2 Bg4 14. Nxf6+ Qxf6 15. O-O Qg5 16. Rae1 Bf3 17. Ng3 Bd5 18. Bc4 Rad8 19. Bxd5 Rxd5 20. Rc1 h5 21. Ne4 Qg4 22. f3 Qe6 23. Rfe1 Qf5 24. Qf2 f6 25. b4 Qc8 26. Qa2 Qe6 27. Nc3 Ne7 28. Nxd5 Nxd5 29. e4 Nf4 30. Qxe6+ Nxe6 31. d5 Nf4 32. Rxc7 Nxd5 33. Rxb7 Nf4 34. Rd1 Rc8 35. Rd2 Rc3 36. Rdd7 Ne6 37. Re7 Rc6 38. f4 g6 39. Re8+ Nf8 40. Rbb8 1-0

[Event "45th Olympiad 2024"]
[Site "Budapest HUN"]
[Date "2024.09.15"]
[Round "5.85"]
[Board "3"]
[White "Abdul Rahman, Ali"]
[Black "Farquhar, Abner"]
[Result "0-1"]
[WhiteElo "1844"]
[BlackElo "1678"]
[PlyCount "106"]
[EventDate "2024.09.11"]
[WhiteTeam "Maldives"]
[BlackTeam "Antigua and Barbuda"]
[WhiteTeamCountry "MDV"]

1. d4 d5 2. e3 Nf6 3. Bd3 c5 4. c3 Nc6 5. f4 Bg4 6. Nf3 e6 7. Nbd2 Bd6 8. O-O cxd4 9. cxd4 O-O ({RR} 9... Rc8 10. a3 O-O 11. b4 Ne7 12. Bb2 Nd7 13. Bxh7+ Kxh7 14. Ng5+ Kg8 15. Qxg4 Nf5 16. Qh3 Nf6 17. Rac1 Rxc1 18. Rxc1 Qd7 19. Rf1 Rc8 20. e4 dxe4 21. Ndxe4 Nxe4 22. Nxe4 Rc2 23. Ba1 Qc6 24. d5 {0-1 Valderrama Espinosa,G (2326)-Korneev,O (2611) Huila Centenary op 2005 (1)}) ({RR} 9... Bf5 10. Qb3 Bxd3 11. Qxd3 O-O 12. Ne5 Rc8 13. a3 Ne7 14. Ndf3 Ne4 15. Bd2 f6 16. Ng4 Qb6 17. Bc3 Nf5 18. Nf2 Qa6 19. Qxa6 bxa6 20. Nd1 h5 21. Nd2 Ne7 22. Nxe4 dxe4 23. Nf2 f5 24. Nh3 {0-1 Sanudula,K (1876)-Amanov,Z (2275) Titled Tue 16th Jul Early 2024 (3)}) 10. a3 Qe7 $146 ({RR} 10... Qb6 11. Qe1 Rac8 12. Ne5 Bh5 13. h3 Bg6 14. Nxg6 fxg6 15. Nf3 Nd7 16. Ne5 Ndxe5 17. fxe5 Bb8 18. Rxf8+ Rxf8 19. Qc3 Ne7 20. Bd2 Rc8 21. Qb4 Qxb4 22. Bxb4 Nf5 23. Kf2 Kf7 24. g4 Ne7 25. Kg3 {1-0 Rincon Sequeda,J (1624)-Vidales,J San Cristobal op 25th 2015 (7)}) ({RR} 10... a5 11. Qe1 a4 12. Ne5 Bf5 13. Qe2 Qb6 14. Kh1 Rfc8 15. Rg1 Ne7 16. g4 Be4+ 17. Bxe4 Nxe4 18. Nxe4 dxe4 19. Qg2 f6 20. Nd7 Qb5 21. Nc5 Bxc5 22. dxc5 Qd3 23. Bd2 Rxc5 24. Bb4 Rc2 25. Qh3 {0-1 Abdul Rahman,A (1936)-Al Saffar,A (2349) Asia rap (Men) 16th rapid 2010 (2)}) ({RR} 10... Rc8 11. Qe1 Ne7 12. Ne5 Bf5 13. Qe2 Bxd3 14. Qxd3 Qc7 15. h3 Nf5 16. Kh2 Qc2 17. Ndf3 Bxe5 18. Nxe5 Ne4 19. Qd1 Qxd1 20. Rxd1 Rc2 21. Nf3 Rfc8 22. b4 R8c3 23. Bd2 Nxd2 24. Rxd2 Rxd2 25. Nxd2 {0-1 Lunelli,N (1887)-Xavier,L (2039) American Continental 10th 2014 (4)}) ({RR} 10... Rc8 11. b4 Ne7 12. h3 Bf5 13. Bxf5 Nxf5 14. Re1 Qc7 15. g4 Ng3 16. Kg2 Nge4 17. Nxe4 Nxe4 18. Nd2 Qc2 19. Kf3 Nxd2+ 20. Bxd2 Qe4+ 21. Kf2 Rc2 22. Qe2 Bxf4 23. Rac1 Rxc1 24. Rxc1 Bb8 25. b5 {0-1 Guarnieri,G-Farina,S (2200) Academia Cup op 1998 (8)}) 11. Qe1 Bf5 12. Qe2 Ne4 13. Bxe4 Bxe4 14. Nxe4 dxe4 15. Nd2 f5 16. Nc4 Rac8 17. Bd2 Rc7 18. Nxd6 Qxd6 19. Bc3 Rfc8 20. Rad1 Qd5 21. Kh1 Ne7 22. Rg1 Qb3 23. d5 Nxd5 24. Bd4 a6 25. Qh5 Nxe3 26. Qh3 Qxd1 27. Rxd1 Nxd1 28. Qb3 Kf7 29. h3 b5 30. Kh2 Rc2 31. Qg3 e5 32. Bxe5 e3 33. Qxg7+ Ke8 34. Qg8+ Kd7 35. Qd5+ Ke8 36. Qxd1 e2 37. Qe1 R8c4 38. Kg3 Re4 39. Bc3 a5 40. Kf3 b4 41. axb4 axb4 42. Bxb4 Rxb2 43. Bd2 Rxd2 44. Qxd2 e1=Q 45. Qxe1 Rxe1 46. g4 Kf7 47. gxf5 Kf6 48. Kg4 Rg1+ 49. Kh5 Rh1 50. Kg4 h5+ 51. Kxh5 Rxh3+ 52. Kg4 Rh1 53. Kg3 Kxf5 0-1

[Event "45th Olympiad 2024"]
[Site "Budapest HUN"]
[Date "2024.09.15"]
[Round "5.85"]
[Board "4"]
[White "Solomon, Jonathan"]
[Black "Ibrahim Imran Saeed"]
[Result "1-0"]
[WhiteElo "1536"]
[BlackElo "1697"]
[PlyCount "99"]
[EventDate "2024.09.11"]
[WhiteTeam "Antigua and Barbuda"]
[BlackTeam "Maldives"]
[BlackTeamCountry "MDV"]

1. d4 d5 2. Bf4 c5 3. e3 Nf6 4. Nf3 Nc6 5. Nbd2 Bf5 6. c3 e6 7. Bb5 Bd6 8. Qa4 Qc7 9. Bxc6+ bxc6 10. Bxd6 Qxd6 11. Ne5 $146 ({RR} 11. Qa3 Nd7 12. Nb3 Bd3 13. Nxc5 Nxc5 14. Qxc5 Qxc5 15. dxc5 f6 16. Kd2 Bg6 17. Nh4 Bf7 18. f4 O-O 19. b4 a5 20. a4 Rfb8 21. Rhb1 h6 22. b5 g5 23. Nf3 cxb5 24. axb5 Be8 25. b6 Rb7 {1-0 Askarov,B (2285)-Sathish,P (2337) Titled Tue 30th Jul Late 2024 (4)}) 11... O-O 12. Qxc6 Qxc6 13. Nxc6 c4 14. Ne7+ Kh8 15. Nxf5 exf5 16. O-O Ne4 17. Nxe4 fxe4 18. b3 Rfc8 19. Rfc1 a5 20. bxc4 Rxc4 21. Rc2 Rb8 22. f3 f5 23. Kf2 Kg8 24. Ke2 a4 25. Kd2 Kf7 26. fxe4 fxe4 27. Rf1+ Ke6 28. g4 g6 29. g5 Rb7 30. Rf6+ Ke7 31. h4 Rbc7 32. h5 R7c6 33. Rxc6 Rxc6 34. Rb2 Ke6 35. hxg6 hxg6 36. Rb5 Rc4 37. Rb4 Rxb4 38. cxb4 Kd6 39. a3 Kc6 40. Ke2 Kd6 41. Kf2 Kc6 42. Kg3 Kb5 43. Kf4 Kc4 44. Ke5 Kd3 45. b5 Kxe3 46. b6 Kf3 47. b7 e3 48. b8=Q e2 49. Qf8+ Kg2 50. Qb4 1-0

[Event "45th Olympiad 2024"]
[Site "Budapest HUN"]
[Date "2024.09.15"]
[Round "5.87"]
[Board "1"]
[White "Hamperl, Fred"]
[Black "Koumba, Mounguen Jose Evrard"]
[Result "1-0"]
[WhiteElo "1977"]
[BlackElo "1957"]
[PlyCount "69"]
[EventDate "2024.09.11"]
[WhiteTeam "Guernsey"]
[BlackTeam "Gabon"]
[BlackTeamCountry "GAB"]

1. e4 c5 2. Nf3 d6 3. Bb5+ Nc6 4. O-O e6 5. c3 Nge7 ({RR} 5... Bd7 6. d4 cxd4 7. cxd4 Nf6 8. Nc3 a6 9. Bd3 Be7 10. e5 dxe5 11. dxe5 Ng4 12. Qe2 Qc7 13. Re1 h5 14. h3 Nh6 15. Bf4 O-O-O 16. Rac1 Rdg8 17. Qe3 Qd8 18. Nd5 exd5 19. e6 Bxe6 20. Rxc6+ {1-0 Sadvakasov,D (2626)-Peschardt,S (2200) Politiken Cup 26th 2004 (2)}) ({RR} 5... Nf6 6. Qe2 Be7 7. Na3 O-O 8. d4 Qc7 9. Bf4 Re8 10. Rac1 cxd4 11. Nxd4 Bf8 12. f3 {0-1 Berggren Torell,H (2062)-Sandstrom,A (1924) Vaxjo op 2018 (3)}) 6. Re1 a6 7. Bf1 g6 8. d4 $146 ({RR} 8. Na3 Bg7 9. Nc2 O-O 10. d4 cxd4 11. Ncxd4 Nxd4 12. Nxd4 d5 13. e5 Nc6 14. Nf3 f6 15. exf6 Bxf6 16. Bh6 Re8 17. Qd2 e5 18. Rad1 e4 19. Qxd5+ Qxd5 20. Rxd5 Be6 21. Rd6 Bxa2 22. Rxf6 exf3 {1-0 Biro,S (2345)-Vasicek,M (2125) Regionalliga NO 9697 1996}) 8... cxd4 9. cxd4 Bg7 10. Nc3 O-O 11. d5 Ne5 12. Nxe5 Bxe5 13. a4 Bg7 14. Qb3 e5 15. Be3 f5 16. Bb6 Qd7 17. a5 fxe4 18. Nxe4 Bh6 19. Rad1 Nf5 20. Rd3 Qf7 21. Rf3 Qe7 22. Rc3 Nd4 23. Qb4 Qf7 24. Rc7 Qf5 25. Bxd4 exd4 26. Qxd4 Qf4 27. g3 Qe5 28. Qxe5 dxe5 29. Nc5 Bd2 30. Rxe5 Bxa5 31. Rce7 Bb4 32. d6 b6 33. Ne4 Bf5 34. Bc4+ Kh8 35. Ng5 1-0

[Event "45th Olympiad 2024"]
[Site "Budapest HUN"]
[Date "2024.09.15"]
[Round "5.87"]
[Board "2"]
[White "Bongo Akanga Ndjila, Barthelemy"]
[Black "Rowe, Peter"]
[Result "1-0"]
[WhiteElo "1894"]
[BlackElo "1973"]
[PlyCount "61"]
[EventDate "2024.09.11"]
[WhiteTeam "Gabon"]
[BlackTeam "Guernsey"]
[WhiteTeamCountry "GAB"]

1. d4 d6 2. Nf3 Nf6 3. Nc3 Nbd7 4. e4 e5 5. Be2 Be7 6. O-O O-O 7. h3 c6 8. Be3 Qc7 9. a3 ({RR} 9. Nd2 Re8 10. f4 exd4 11. Bxd4 b5 12. Bf3 Bb7 13. Qe1 b4 14. Ne2 c5 15. Be3 Bf8 16. Ng3 d5 17. e5 Nxe5 18. fxe5 Qxe5 19. Bf2 Qxb2 20. Qd1 Rad8 21. Nb3 Ba6 22. Rb1 Qe5 23. Re1 Qc7 {0-1 Savchenko,B (2632)-Movsesian,S (2721) Wch Blitz 5th 2010 (10)}) ({RR} 9. a4 b6 10. Qd2 Bb7 11. Rad1 a6 12. Bg5 b5 13. axb5 axb5 14. Bd3 b4 15. Ne2 c5 16. dxe5 dxe5 17. b3 Rad8 18. Ng3 h6 19. Be3 Nb6 20. Qe2 Rfe8 21. Nd2 Bf8 22. Nf5 Bc8 23. Qf3 Bxf5 {1-0 Wang,A (1815)-Grot,B (1862) Titled Tue 21st Feb Late 2023 (3)}) 9... b5 10. d5 ({RR} 10. Qd2 a6 11. Nh2 exd4 12. Bxd4 c5 13. Bxf6 Nxf6 14. Nd5 Nxd5 15. exd5 Bf6 16. c3 Re8 17. Rae1 g6 18. Ng4 Bg7 19. Bf3 Bb7 20. Qg5 Qd8 21. Qf4 f5 22. Nh6+ Bxh6 23. Qxh6 Qf6 24. Re3 Re5 {0-1 Henbest,K-Rowe,P (2039) Guernsey op 35th 2009 (3)}) 10... a6 $146 ({RR} 10... cxd5 11. Nxb5 Qb7 12. exd5 Nxd5 13. c4 Nxe3 14. fxe3 Qb6 15. Qd2 Nc5 16. Rab1 Bf5 17. b4 Ne4 18. Qb2 Qxe3+ 19. Kh1 Ng3+ 20. Kh2 Nxe2 21. Rbe1 Qf4+ 22. Kh1 Ng3+ 23. Kg1 Nxf1 24. Rxf1 Qe3+ 25. Kh1 {0-1 Facchetti,G (2131)-Scalcione,M (2300) ITA-ch sf g/5' 1st blitz 2006 (10)}) 11. dxc6 Qxc6 12. Nd5 Nxd5 13. exd5 Qc7 14. Rc1 Nb6 15. Bxb6 Qxb6 16. b4 Bd7 17. c4 bxc4 18. Bxc4 Rfc8 19. Re1 f5 20. Nxe5 Bb5 21. Nc6 Bg5 22. Rc3 Bf6 23. Rc1 Bg5 24. Bxb5 axb5 25. Rc3 Re8 26. Re6 Bh4 27. Qf3 Bf6 28. Rce3 Rxe6 29. dxe6 Re8 30. e7 Bd4 31. Qd5+ 1-0

[Event "45th Olympiad 2024"]
[Site "Budapest HUN"]
[Date "2024.09.15"]
[Round "5.88"]
[Board "2"]
[White "Abdelaziz Bokhit, Badjoiri"]
[Black "Carbonell, Nicolas"]
[Result "0-1"]
[WhiteElo "1778"]
[BlackElo "1798"]
[PlyCount "154"]
[EventDate "2024.09.11"]
[WhiteTeam "Chad"]
[BlackTeam "Burkina Faso"]
[WhiteTeamCountry "CHD"]
[BlackTeamCountry "BUR"]

1. e4 e5 2. c3 Nf6 3. d4 Nxe4 4. dxe5 Bc5 ({RR} 4... d5 5. Be3 Be6 6. Nf3 Nd7 7. Be2 Be7 8. Nbd2 Nxd2 9. Qxd2 O-O 10. O-O c5 11. Rfe1 Qc7 12. Bf4 Rab8 13. Bd3 Rfd8 14. Ng5 Nf8 15. Bg3 Bxg5 16. Qxg5 c4 17. Bc2 d4 18. cxd4 Rxd4 19. Qe3 {0-1 Mitkov,N (2505)-Martinez Martin,D (2390) Mondariz-B 1999 (8)}) 5. Nh3 d5 6. exd6 O-O 7. Nd2 $146 ({RR} 7. Bd3 Bxh3 8. Bxe4 Qh4 9. Qf3 Re8 10. Nd2 Bg4 11. Qg3 Qxg3 12. hxg3 Bxd6 13. Kf1 Nd7 14. Bxh7+ Kf8 15. Be4 Nc5 16. Rh8+ Ke7 17. Rxe8+ Rxe8 18. Bc2 Kd7 19. Nf3 Be6 20. Be3 Bc4+ 21. Kg1 a6 {0-1 Markhot,Z (1987)-Bereczki,I (2089) HUN-chT2 Breyer 0304 2003 (8)}) 7... Bxh3 8. Nxe4 Re8 9. gxh3 Rxe4+ 10. Be2 Qxd6 11. Qxd6 cxd6 12. Kd1 Nc6 13. b4 Bxf2 14. Rf1 Be3 15. Bd3 Re7 16. b5 Ne5 17. Bxh7+ Kxh7 18. Bxe3 Nc4 19. Bd4 Rae8 20. Kc2 f6 21. Rf2 Na3+ 22. Kb2 Nxb5 23. Rd1 Re2+ 24. Rd2 Nxd4 25. cxd4 R2e3 26. h4 R8e4 27. h5 Rh4 28. Rc2 Rxd4 29. Rc7 Rb4+ 30. Kc2 Kh6 31. Rg2 Ra4 32. Kb2 Rh4 33. Rcxg7 Rxh2 34. Rxh2 Kxg7 35. Rg2+ Kh7 36. Rg6 Rf3 37. a4 d5 38. Kc2 d4 39. Kd2 d3 40. a5 b6 41. a6 b5 42. Rg4 Kh6 43. Rg6+ Kh7 44. Rg4 Rf2+ 45. Kxd3 Ra2 46. Rb4 Ra5 47. Ke3 Kh6 48. Kf3 Kxh5 49. Kg3 Kg5 50. Kf3 Kf5 51. Rf4+ Ke5 52. Re4+ Kd5 53. Rf4 Rxa6 54. Rf5+ Kc4 55. Ke2 Rd6 56. Rf4+ Kc3 57. Rf1 Kc2 58. Ra1 a6 59. Ra5 Re6+ 60. Kf3 Rc6 61. Ke2 Kb2 62. Kd1 Rc1+ 63. Kd2 Ra1 64. Rxa1 Kxa1 65. Ke3 b4 66. Ke4 b3 67. Kf5 b2 68. Kxf6 b1=Q 69. Ke6 a5 70. Ke5 a4 71. Kd4 a3 72. Kc3 Qd1 73. Kb4 Kb2 74. Kc4 a2 75. Kb4 a1=Q 76. Kb5 Qd5+ 77. Kb6 Qaa5# 0-1

[Event "45th Olympiad 2024"]
[Site "Budapest HUN"]
[Date "2024.09.15"]
[Round "5.88"]
[Board "4"]
[White "Hassaballa Ahmed Hassaballa"]
[Black "Lompo, Boammani Aser"]
[Result "1-0"]
[WhiteElo "1902"]
[BlackElo "1567"]
[PlyCount "89"]
[EventDate "2024.09.11"]
[WhiteTeam "Chad"]
[BlackTeam "Burkina Faso"]
[WhiteTeamCountry "CHD"]
[BlackTeamCountry "BUR"]

1. c4 c6 2. d4 d5 3. cxd5 cxd5 4. Nf3 Nf6 5. g3 Nc6 6. Bg2 e6 7. O-O Be7 8. Nc3 O-O 9. a3 Bd7 10. Re1 ({RR} 10. b4 a6 11. Bb2 Na7 12. Ne5 Nb5 13. Na4 Nd6 14. Nc5 Be8 15. Qb3 Bb5 16. Rfe1 b6 17. Ncd3 Bc4 18. Qa4 Qe8 19. Qxe8 Rfxe8 20. a4 Rec8 21. Rec1 Ra7 22. Bc3 Nd7 23. Nxc4 Nxc4 24. a5 b5 {0-1 Heimberger,R (2262)-Predojevic,B (2640) AUT-chT 1617 2016 (5.5)}) 10... Na5 $146 ({RR} 10... Ne4 11. Bf4 g5 12. Be3 f5 13. Qc1 f4 14. gxf4 gxf4 15. Bxf4 Bh4 16. Nxe4 dxe4 17. Nxh4 Qxh4 18. Bg3 Qf6 19. e3 Qf5 20. Qc2 Rac8 21. Qxe4 Qxe4 22. Bxe4 Na5 23. Rac1 Bc6 24. Bxc6 bxc6 25. Rc5 {1-0 Rostrom,R-Cain,B East Lansing-ch MI op-B 1991}) ({RR} 10... Rc8 11. Bf4 Na5 12. Qd3 Nc4 13. Rab1 Qa5 14. Bd2 Qb6 15. Ne5 Nxb2 16. Nxd7 Nxd7 17. Qc2 Bxa3 18. Bc1 Qxd4 19. Bxb2 Bxb2 20. Qxb2 Qxc3 21. Qxb7 Rc7 22. Qb5 Rb8 23. Qa4 Rxb1 24. Rxb1 g6 25. Bf3 {0-1 Cavalcante,P-Lopes,M (1932) Corumba Rodrigues de Souza Memorial 2nd 2018 (4.1)}) ({RR} 10... Rc8 11. Ne5 Qb6 12. e4 dxe4 13. Nxe4 Rfd8 14. Nxf6+ Bxf6 15. Qh5 Nxe5 16. dxe5 g6 17. Qf3 Bg7 18. Qxb7 Bc6 19. Qxb6 axb6 20. Bg5 Rd7 21. Rac1 Rdc7 22. Bd2 Bxg2 23. Rxc7 Rxc7 24. Kxg2 Rc5 25. Bc3 {1-0 Tasnadi,G-Dobcsanyi,D (2130) HUN-chT2 Hungary 1997 (9)}) 11. Ne5 Nc6 12. Nxd7 Qxd7 13. Qd3 Rac8 14. Bg5 h6 15. Bd2 Rfd8 16. Rad1 Bf8 17. h3 Na5 18. Nxd5 Nxd5 19. Bxa5 b6 20. Bd2 Be7 21. e4 Nc7 22. Be3 Bf6 23. b4 Nb5 24. d5 Rc3 25. Qf1 Nxa3 26. dxe6 Qxe6 27. Rxd8+ Bxd8 28. Qa6 Qd7 29. Qe2 Bf6 30. Rd1 Qb5 31. Qg4 h5 32. Qf4 Rc8 33. Rd5 Qxb4 34. Rxh5 Nc4 35. Qf5 Rd8 36. Qh7+ Kf8 37. Bf4 Qe1+ 38. Kh2 Rd1 39. h4 Qg1+ 40. Kh3 g6 41. Rd5 Rxd5 42. exd5 Qxf2 43. d6 Qd4 44. Bh6+ Ke8 45. Bc6+ 1-0

[Event "45th Olympiad 2024"]
[Site "Budapest HUN"]
[Date "2024.09.15"]
[Round "5.89"]
[Board "1"]
[White "Bhakta Bahadur Monger"]
[Black "Enemchukwu Chinedu Benjamin"]
[Result "0-1"]
[WhiteElo "1911"]
[BlackElo "2001"]
[PlyCount "82"]
[EventDate "2024.09.11"]
[WhiteTeam "Bhutan"]
[BlackTeam "Saint Vincent and the Grenadines"]
[WhiteTeamCountry "BTN"]

1. d4 e5 2. dxe5 d6 3. Nf3 Nc6 4. Bg5 f6 ({RR} 4... Qd7 5. exd6 Bxd6 6. Nc3 f6 7. Bh4 Qf7 8. e3 Bg4 9. Be2 O-O-O 10. Nd4 Bd7 11. Qd2 Ne5 12. Bg3 Ne7 13. O-O Nf5 14. Nxf5 Bxf5 15. Nb5 Bc5 16. Qc3 Qe7 17. Nd4 Be4 18. Rfd1 h5 19. f3 {1-0 Bluebaum,M (2640)-Arslanov,S (2410) Titled Tue 3rd Sep Early 2024 (2)}) 5. exf6 Nxf6 6. e3 ({RR} 6. c4 Be6 7. e3 Qd7 8. Nc3 Qf7 9. Qa4 Be7 10. Be2 O-O 11. O-O Nd7 12. Bxe7 Qxe7 13. Nd5 Bxd5 14. cxd5 Nce5 15. Nxe5 Nxe5 16. Rac1 Rf7 17. Rc2 Qf6 18. f4 Ng6 19. Bg4 Re7 20. Be6+ Kh8 {1-0 Kepeschuk,M (2269)-Efremova,Y (2127) Titled Tue 25th Jun Late 2024 (2)}) 6... Be6 $146 ({RR} 6... a6 7. Be2 Bd7 8. Nc3 Be7 9. a3 Be6 10. Nd4 Nxd4 11. Qxd4 c5 12. Qd2 Qc7 13. Bf3 h6 14. Bf4 O-O-O 15. Nd5 Bxd5 16. Bxd5 Nxd5 17. Qxd5 Bf6 18. O-O-O Qb6 19. Qb3 Qxb3 20. cxb3 d5 21. Rd3 {½-½ Reif,W (1848)-Morello,G (1942) Porto San Giorgio op 23rd 2011 (6)}) ({RR} 6... Bg4 7. Nc3 Be7 8. h3 Bh5 9. g4 Bg6 10. Bg2 O-O 11. O-O Kh8 12. Nh4 Qe8 13. Nxg6+ Qxg6 14. Bh4 Rae8 15. Qe2 d5 16. Bxf6 Bxf6 17. Nxd5 Bxb2 18. Rab1 Be5 19. Rxb7 Bd6 20. Qd3 Qe6 21. Nxc7 {1-0 Kopylov,M (2282)-Wend,U (2058) GER-ch Net blitz sf 2021 (1)}) ({RR} 6... Bg4 7. Be2 h6 8. Bh4 g5 9. Bg3 Bg7 10. Qd3 Ne7 11. Nd4 Bxe2 12. Qxe2 Qd7 13. Nc3 O-O-O 14. Qc4 d5 15. Qa4 Qxa4 16. Nxa4 Ne4 17. Ne6 Bf6 18. Nxd8 Rxd8 19. f3 Nxg3 20. hxg3 b5 21. Nc3 {1-0 Kranjc,Z (1718)-Novakovic,I (1913) Zagreb Dan pobjede 2009 (10)}) 7. c3 Be7 8. Bb5 O-O 9. Nbd2 Qe8 10. Nd4 Bd7 11. Bc4+ Kh8 12. N2f3 Ne4 13. Bxe7 Qxe7 14. h3 Rae8 15. O-O Rf6 16. Bd3 d5 17. Qc2 Ref8 18. Bxe4 dxe4 19. Nd2 Re8 20. Ne2 Bf5 21. Ng3 Bg6 22. Rad1 h5 23. Nb3 h4 24. Ne2 Bf7 25. Nf4 Qe5 26. Rd7 Ne7 27. Rd4 Nf5 28. Rd7 Kg8 29. Nd4 g5 30. Nfe2 Nh6 31. f4 exf3 32. gxf3 c5 33. Rf2 cxd4 34. exd4 Qe6 35. Rxb7 Qxh3 36. Qd3 g4 37. Rg2 Qxf3 38. Qc2 h3 39. Ng3 hxg2 40. Qxg2 Qxg2+ 41. Kxg2 Bd5+ 0-1